| 000 | 00000cam 2200000zi 4500 |
| 001 | 9.945230 |
| 003 | CaOODSP |
| 005 | 20260401143759 |
| 006 | m o d f |
| 007 | cr mn||||||||| |
| 008 | 241115t20242024quca ob f000 0 fre d |
| 020 | |a9780660745275 |
| 040 | |aCaOODSP|bfre|erda|cCaOODSP |
| 043 | |an-cn--- |
| 045 | |ay1y2 |
| 086 | 1 |aEn14-503/2024F-PDF |
| 245 | 00|aRendement en matière d'émissions de gaz à effet de serre pour le parc de véhicules lourds et de leurs moteurs des années 2014 à 2020 (phase 1), relativement au Règlement sur les émissions de gaz à effet de serre des véhicules lourds et de leurs moteurs en vertu de la Loi canadienne sur la protection de l'environnement (1999). |
| 264 | 1|aGatineau (Québec) : |bEnvironnement et changement climatique Canada = Environment and Climate Change Canada, |c[2024] |
| 264 | 4|c©2024 |
| 300 | |a1 ressource en ligne (15, 3 pages) : |billustrations |
| 336 | |atexte|btxt|2rdacontent/fre |
| 337 | |ainformatique|bc|2rdamedia/fre |
| 338 | |aressource en ligne|bcr|2rdacarrier/fre |
| 500 | |aPublié aussi en anglais sous le titre : Greenhouse gas emissions performance for 2014 to 2020 (Phase 1), heavy-duty vehicles and engines, in relation to the Heavy-Duty Vehicle and Engine Greenhouse Gas Emission Regulations under the Canadian Environmental Protection Act, 1999. |
| 500 | |a« EC24114 » -- Verso de la couverture. |
| 504 | |aComprend des références bibliographiques. |
| 520 | |a« Le Règlement sur les émissions de gaz à effet de serre des véhicules lourds et de leurs moteurs (ci-après appelé « le Règlement ») établit, en vertu de la Loi canadienne sur la protection de l’environnement (1999), les normes en matière d'émissions de gaz à effet de serre pour les nouveaux véhicules routiers lourds et leurs moteurs des années de modèles 2014 et ultérieures mis en vente au Canada. Ce Règlement impose aux importateurs et aux fabricants de véhicules neufs de respecter les normes moyennes d’émissions de gaz à effet de serre du par cet établit des exigences annuelles de déclaration de conformité. Le présent rapport résume le rendement moyen en matière d’émissions de gaz à effet de serre du parc de véhicules lourds des années de modèles 2014 à 2020 (phase1) et de leurs moteurs selon les données de conformité soumises à Environnement et Changement climatique Canada au moyen des rapports de fin d’année modèle présentés en vertu du Règlement. Comme le parc de chaque fabricant est unique, les données présentées ici fournissent les valeurs combinées de trois catégories distinctes: classes 2B et 3 (véhicules non spécialisés), tracteurs routiers et véhicules spécialisés, et moteurs de véhicules lourds, et ce, pour chaque année modèle. Les données illustrent la valeur moyenne des émissions de CO₂ du parc, la norme moyenne pour chaque parc et le sommaire des points totale du parc. Il s'agit du deuxième rapport publié sous ce règlement. Le premier rapport couvrait les années de modèles 2014-2018 … » -- Sommaire, page 1. |
| 650 | 6|aCamions|xMoteurs|xGaz d'échappement|zCanada. |
| 650 | 6|aGaz carbonique atmosphérique|zCanada. |
| 650 | 6|aGaz à effet de serre|zCanada. |
| 710 | 1 |aCanada. |bEnvironnement et changement climatique Canada, |eorganisme de publication. |
| 775 | 08|tGreenhouse gas emissions performance for 2014 to 2020 (Phase 1), heavy-duty vehicles and engines, in relation to the Heavy-Duty Vehicle and Engine Greenhouse Gas Emission Regulations under the Canadian Environmental Protection Act, 1999.|w(CaOODSP)9.945228 |
| 794 | |tRendement en matière d'émissions de gaz à effet de serre pour le parc de véhicules lourds et de leurs moteurs des années 2021 à 2023 (phase 2) relativement au Règlement sur les émissions de gaz à effet de serre des véhicules lourds et de leurs moteurs en vertu de la Loi canadienne sur la protection de l'environnement (1999).|w(CaOODSP)9.960881 |
| 795 | |tRendement en matière d'émissions de gaz à effet de serre pour le parc de véhicules lourds des années 2014 à 2018, relativement au Règlement sur les émissions de gaz à effet de serre des véhicules lourds et de leurs moteurs en vertu de la Loi canadienne sur la protection de l'environnement (1999).|w(CaOODSP)9.916060 |
| 856 | 40|qPDF|s676 Ko|uhttps://publications.gc.ca/collections/collection_2024/eccc/En14-503-2024-fra.pdf |
| 856 | 4 |qHTML|sS.O.|uhttps://www.canada.ca/fr/environnement-changement-climatique/services/registre-environnemental-loi-canadienne-protection/publications/rendement-emissions-gaz-effet-serre-2014-2020.html |
| 986 | |aEC24114 |